Personality traits and Human relation of Youth for Christ Members in University of Rizal System (Record no. 16953)

MARC details
000 -LEADER
fixed length control field 01001nam a22002657i 4500
003 - CONTROL NUMBER IDENTIFIER
control field URS
005 - DATE AND TIME OF LATEST TRANSACTION
control field 20220117151143.0
008 - FIXED-LENGTH DATA ELEMENTS--GENERAL INFORMATION
fixed length control field 180108b xxu||||| |||| 00| 0 eng d
050 14 - LIBRARY OF CONGRESS CALL NUMBER
Classification number BF 698.3
Item number R29997 2012
100 1# - MAIN ENTRY--PERSONAL NAME
Personal name Repuya, Michaella Dato,
Relator term author
245 10 - TITLE STATEMENT
Title Personality traits and Human relation of Youth for Christ Members in University of Rizal System
Statement of responsibility, etc. Michaella Dato Repuya, Andrea May Taso Sadsad
260 #1 - PUBLICATION, DISTRIBUTION, ETC.
Date of publication, distribution, etc. 2012.
300 ## - PHYSICAL DESCRIPTION
Extent xv, 69 leaves ;
Other physical details illustration (some colour) :
Dimensions 28cm
336 ## - CONTENT TYPE
Source rdacontent
Content type term text
337 ## - MEDIA TYPE
Source rdamedia
Media type term unmediated
338 ## - CARRIER TYPE
Source rdacarrier
Carrier type term volume
502 ## - DISSERTATION NOTE
Dissertation note Thesis
Degree type Bachelor of Science in Psychology
Name of granting institution University of Rizal System
Year degree granted 2012
504 ## - BIBLIOGRAPHY, ETC. NOTE
Bibliography, etc. note include bibliographic references
610 #0 - SUBJECT ADDED ENTRY--CORPORATE NAME
Corporate name or jurisdiction name as entry element University of Rizal System
Subordinate unit Tanay Campus
General subdivision Undegraduates
610 #0 - SUBJECT ADDED ENTRY--CORPORATE NAME
Corporate name or jurisdiction name as entry element Youth for Christ
650 #0 - SUBJECT ADDED ENTRY--TOPICAL TERM
Topical term or geographic name entry element Personality
700 1# - ADDED ENTRY--PERSONAL NAME
Personal name Sadsad, Andrea May Taso
Relator term author
700 1# - ADDED ENTRY--PERSONAL NAME
Personal name Habulan, Belinda Lourdes M.
Relator term degree supervisor
942 ## - ADDED ENTRY ELEMENTS (KOHA)
Source of classification or shelving scheme Library of Congress Classification
Koha item type Theses and dissertations
Holdings
Withdrawn status Source of classification or shelving scheme Damaged status Not for loan Collection code Home library Current library Shelving location Date acquired Total Checkouts Full call number Barcode Date last seen Price effective from Koha item type
  Library of Congress Classification     Non-fiction Tanay College Library Tanay College Library General Stacks 01/08/2018   BF 698.3 R29997 2012 URSTAN-UGT2519 07/06/2023 01/08/2018 Theses and dissertations
  Library of Congress Classification     Non-fiction Tanay College Library Tanay College Library General Stacks 01/08/2018   BF 698.3 R29997 2012 URSTAN-UGT2538 07/06/2023 01/08/2018 Theses and dissertations

University of Rizal System
Email us at univlibservices@urs.edu.ph

Visit our Website www.urs.edu.ph/library